000 01154cai a22002175a 4500
001 L148698
008 091020u xxk g 000 0 eng d
020 _a1862405786
035 _a(Sirsi) u148698
041 0 _aeng
050 0 4 _a306.1 $2 18
110 2 _aAudit Commission
_95757
245 0 0 _aHousing market analysis tool
_h[electronic resource]
520 _aThe Audit Commission provides a Housing Market Analysis Tool to explore data on housing market trends and issues in local areas. The Tool gathers data on a range of indicators such as demography of the area, level of deprivation, local economy and local environment. All data are useful to housing professionals to understand local issues linked to housing market. Allows comparisons on changes over time.
590 _aKA NTK
651 4 _aEngland
_y886-
690 _aPROPERTY-RESIDENTIAL PROPERTY-DOMESTIC RESIDENTIAL PROPERTY-HOUSING
690 _aPROPERTY-RESIDENTIAL PROPERTY-RESIDENTIAL PROPERTY MARKET
856 4 0 _uhttps://www.housingmarkets.audit-commission.gov.uk/
_zView the housing market analysis tool free of charge online at www.audit-commission.gov.uk...
942 _n0
999 _c110167
_d110167